000
00211nam a2200097Ia 4500
008
190216s9999||||xx |||||||||||||| ||und||
100
_a
Harrold Robbins
245
4
_a
The Advantures
260
_b
Null
942
_c
BK
999
_c
12737
_d
12737